| 000 | 00708nam a2200217 i 4500 | ||
|---|---|---|---|
| 001 | bgj | ||
| 100 | 1 |
_aHUGO, Victor _d(1802-1885). |
|
| 245 | 1 | 0 |
_aLes Miserables / _cby Victor Hugo ; translated from the French by Charles E. Wilbour ; with an introduction by James K. Robinson. |
| 260 |
_aGreenwich, Conn. : _bFawcett Publications, Inc., _c1961. |
||
| 300 |
_a334 pp ; _c18 cm. |
||
| 650 | 9 | _aEx-convicts | |
| 650 | 9 | _aOrphans | |
| 651 | 9 |
_aFrance _xSocial life and customs _zParis _y19th century |
|
| 655 | _aFiction | ||
| 700 | 1 |
_aWILBOUR, Charles E. _etranslator |
|
| 700 | 1 | _aROBINSON, James K. | |
| 040 | _cBPK | ||
| 041 | 0 |
_aeng _hfre |
|
| 942 | _cKS | ||
| 008 | s uk f |000 0 eng | ||
| 999 |
_c48797 _d48797 |
||
| 856 |
_uhttp://koha.tu.koszalin.pl/cgi-bin/koha/opac-detail.pl?biblionumber=48797 _yKatalog online BPK |
||